[Event "DEN-ch cand"]
[Site "Svendborg"]
[Date "2022.04.12"]
[Round "1"]
[White "Parra Becerra, Edgar Andre"]
[Black "Gjesme, Marius Enevold"]
[Result "1/2-1/2"]
[WhiteElo "2208"]
[BlackElo "1953"]
[PlyCount "117"]
[EventDate "2022.04.10"]
[EventType "swiss"]
[EventRounds "7"]
[EventCountry "DEN"]
[SourceTitle "CBM 207 Extra"]
[Source "ChessBase"]
[SourceDate "2022.05.31"]
[SourceVersion "1"]
[SourceVersionDate "2022.05.31"]
[SourceQuality "1"]

1. Nf3 Nf6 2. c4 g6 3. Nc3 Bg7 4. e4 0-0 5. d4 d6 6. Be2 e5 7. 0-0 Nc6 8. d5 Ne7 9. Ne1 Nd7 10. f3 f5 11. g4 a5 12. Nd3 b6 13. Bd2 Nc5 14. h4 Qd7 15. Nf2 f4 16. Kg2 Kf7 17. Rh1 h5 18. g5 Ba6 19. Nd3 Rfb8 20. b3 c6 21. Nxc5 bxc5 22. Qf1 Bc8 23. Na4 Qc7 24. Qe1 Bd7 25. Nc3 Bf8 26. Qc1 Nc8 27. Rd1 Be7 28. Kh2 Nb6 29. Bf1 Qd8 30. Bh3 Be8 31. Be6+ Kg7 32. Rg1 a4 33. Qc2 Ra7 34. Ne2 Rba8 35. Rab1 axb3 36. axb3 cxd5 37. exd5 Bd7 38. Bxd7 Qxd7 39. Nc3 Ra3 40. Ne4 Kf7 41. Rg2 Qf5 42. Bc3 Qc8 43. Bb2 Ra2 44. Nc3 R2a5 45. Rgg1 R8a6 46. Ra1 Qa8 47. Rxa5 Rxa5 48. Qg2 Bd8 49. Ne4 Bc7 50. Qh3 Qc8 51. Ra1 Qxh3+ 52. Kxh3 Nc8 53. Rd1 Ke7 54. Bc3 Ra3 55. Rb1 Kd8 56. Kh2 Ra2+ 57. Kh3 Ra3 58. Kh2 Ra2+ 59. Kh3 1/2-1/2

[Event "Palma de Mallorca op"]
[Site "Palma de Mallorca"]
[Date "2021.11.27"]
[Round "6"]
[White "Parra Becerra, Edgar Andre"]
[Black "Ermachenko, Manuel"]
[Result "1-0"]
[WhiteElo "2150"]
[BlackElo "2075"]
[PlyCount "60"]
[EventDate "2021.11.22"]
[EventType "swiss"]
[EventRounds "7"]
[EventCountry "ESP"]
[SourceTitle "CBM 205 Extra"]
[Source "ChessBase"]
[SourceDate "2022.01.31"]
[SourceVersion "1"]
[SourceVersionDate "2022.01.31"]
[SourceQuality "1"]

1. Nf3 Nf6 2. c4 g6 3. b3 Bg7 4. Bb2 0-0 5. g3 b6 6. Bg2 Bb7 7. 0-0 c5 8. d4 Ne4 9. Nfd2 d5 10. cxd5 Nxd2 11. Qxd2 Bxd5 12. e4 Bb7 13. d5 Bxb2 14. Qxb2 e6 15. Na3 exd5 16. exd5 Nd7 17. Rad1 a6 18. Nc4 Qc7 19. Rfe1 Rae8 20. d6 Qc8 21. Bxb7 Qxb7 22. Re7 Qc8 23. Qd2 b5 24. Ne3 Qc6 25. Nd5 Kh8 26. Qc3+ f6 27. Rxe8 Rxe8 28. Nxf6 b4 29. Qb2 Nxf6 30. Qxf6+ Kg8 1-0

[Event "Palma de Mallorca op"]
[Site "Palma de Mallorca"]
[Date "2021.11.24"]
[Round "3"]
[White "Gretarsson, Helgi Ass"]
[Black "Parra Becerra, Edgar Andre"]
[Result "0-1"]
[WhiteElo "2476"]
[BlackElo "2150"]
[PlyCount "76"]
[EventDate "2021.11.22"]
[EventType "swiss"]
[EventRounds "7"]
[EventCountry "ESP"]
[SourceTitle "CBM 205 Extra"]
[Source "ChessBase"]
[SourceDate "2022.01.31"]
[SourceVersion "1"]
[SourceVersionDate "2022.01.31"]
[SourceQuality "1"]

1. c4 Nf6 2. Nc3 d6 3. d4 Nbd7 4. Nf3 e5 5. e4 g6 6. Be2 Bg7 7. 0-0 0-0 8. Re1 c6 9. Bf1 Qe7 10. Rb1 h6 11. g3 Nh7 12. d5 c5 13. Nh4 h5 14. Ng2 Ndf6 15. a3 Bh3 16. b4 Nd7 17. Rb3 Rfc8 18. Bd3 Bf6 19. Be3 h4 20. f3 b6 21. Bf2 Kg7 22. Qe2 hxg3 23. hxg3 Rh8 24. Nd1 cxb4 25. axb4 a5 26. Be3 axb4 27. Rxb4 Ra3 28. Nf2 Ng5 29. Bc1 Ra2 30. Rb2 Ra1 31. Nh4 Nc5 32. Bc2 Bc8 33. Rxb6 Nh3+ 34. Nxh3 Bxh4 35. gxh4 Qxh4 36. Qf2 Qxh3 37. Qg2 Qh4 38. Rd1 Qh5 0-1

[Event "Aarhus Chess House Summer"]
[Site "Aarhus"]
[Date "2021.07.31"]
[Round "7"]
[White "Parra Becerra, Edgar Andre"]
[Black "Thuesen, Mogens Henrik"]
[Result "0-1"]
[WhiteElo "2150"]
[BlackElo "2178"]
[PlyCount "52"]
[EventDate "2021.07.26"]
[EventType "swiss"]
[EventRounds "9"]
[EventCountry "DEN"]
[SourceTitle "CBM 203 Extra"]
[Source "ChessBase"]
[SourceDate "2021.09.30"]
[SourceVersion "1"]
[SourceVersionDate "2021.09.30"]
[SourceQuality "1"]

1. c4 e6 2. Nf3 d5 3. g3 Nf6 4. Bg2 c5 5. d4 Nc6 6. 0-0 Be7 7. cxd5 exd5 8. Nc3 0-0 9. dxc5 Bxc5 10. Na4 Be7 11. Be3 Re8 12. Rc1 Bg4 13. Nc5 Bxc5 14. Rxc5 Qd6 15. Rb5 Qd7 16. a4 d4 17. Bf4 Rad8 18. Re1 d3 19. exd3 Nd4 20. Rbe5 Nd5 21. R5e4 Nxf4 22. Rxf4 f5 23. Rxd4 Qxd4 24. Rxe8+ Rxe8 25. Qb3+ Kh8 26. Nxd4 Re1+ 0-1